000
00211 a2200097 4500
001
3350
100
_a
Pringle, P
245
_a
Great discoverers in modern science
260
_a
_b
Harrap
_c
090
_c
2628
_d
2628
942
_a
NUST-CAE
_c
M
_c
18091
999
_c
238423
_d
238423